| 000 | 00484nam a2200145Ia 4500 | ||
|---|---|---|---|
| 008 | 231129s2017||||xx |||||||||||||| ||spa|| | ||
| 020 | _a978-958-785-049-9 | ||
| 040 | _bspa | ||
| 082 | _a(i) 398.8 I59t | ||
| 100 | _aInstituto Técnico Popular de la Costa (Tumaco Nariño) | ||
| 245 | 0 | _aTirulín tirulán rondas y juegos afrocolombianos | |
| 260 | _c2017 | ||
| 264 | _aBogotá Colombia : Ministerio de Educación Nacional | ||
| 942 |
_2ddc _cBKS |
||
| 999 |
_c25425 _d25425 |
||